Дело о выкупе земельных наделов временнообязанными крестьянами А.В., Н.В. Пальчиковых села Иншакова и деревни Малотроицкой

Доступно только в Электронных читальных залах Найти на картеНа карте
RUSMARC
00003952nmc2a2200000 x 450
001b52925da-2dfc-433a-b28c-1cbbbd9d3286
00520151221104919.0
100##$a20140414l18701870k l0rusy0189 ca
1010#$arus
102##$aRU
2001#$aДело о выкупе земельных наделов временнообязанными крестьянами А.В., Н.В. Пальчиковых села Иншакова и деревни Малотроицкой
$j3 марта - 23 сентября 1870 г.
251##$cДело
300##$aДело
300##$aОриг. заголовок дела: Дело Пальчиковых А.В., Н.В. Тамбовской губернии Лебедянского уезда села Иншакова и деревни Малотроицкой. 3 марта 1870 г. - 23 сентября 1870 г
801#0$aRU
$bРГИА
$c20140414
$gRCR
801#1$aRU
$bГлавНИВЦ
$c20140414
$2rusmarc
801#2$aRU
$bПБ им. Б.Н. Ельцина
$c20151221
$gRCR
$2rusmarc
850##$aРГИА
852##$aРГИА
$eФедеральное казенное учреждение "Российский государственный исторический архив" (РГИА)
$j1177
937##$hРГИА
$d11105030
$aASBIBLIO_SCAN
462#0$10017c5e74c9-979b-46fc-b2dd-52a15592f082
$12001
$a1863-1889 гг.
$1251
$cОпись
$1852
$j40
461#0$10018ef30ad5-ff5c-4840-a721-74c62a200f95
$12001
$aГлавное выкупное учреждение Министерства финансов
$1251
$cФонд
$1852
$j577
215##$a62 л.
$d36,5x26 см
371##$aДокумент не является опубликованным и широко распространяемым
105##$aу###
1222#$ad
5171#$aДело Пальчиковых А.В., Н.В. Тамбовской губернии Лебедянского уезда села Иншакова и деревни Малотроицкой. 3 марта 1870 г. - 23 сентября 1870 г
035##$ab52925da-2dfc-433a-b28c-1cbbbd9d3286
Формат отображения